Die größten Städte pro Bundesland - Buchstabe B - Statistiken

Allgemein
  • Dieses Quiz wurde 350 mal gespielt
  • Das Durchschnittsergebnis liegt bei 15 aus 42
Antwortstatistiken
Bundesland Einwohnerzahl Stadt % Korrekt
Bremen 563.290 Bremen
96%
Berlin 3.677.472 Berlin
94%
Bremen 113.173 Bremerhaven
92%
Nordrhein-Westfalen 363.441 Bochum
88%
Niedersachsen 248.823 Braunschweig
85%
Nordrhein-Westfalen 334.002 Bielefeld
83%
Nordrhein-Westfalen 331.885 Bonn
83%
Schleswig-Holstein 20.264 Bad Schwartau
80%
Bayern 77.749 Bamberg
75%
Brandenburg 72.461 Brandenburg (Havel)
73%
Baden-Württemberg 55.527 Baden-Baden
67%
Bayern 73.909 Bayreuth
67%
Baden-Württemberg 50.470 Böblingen
46%
Sachsen-Anhalt 22.254 Burg
45%
Sachsen 37.838 Bautzen
36%
Rheinland-Pfalz 25.757 Bingen (Rhein)
35%
Hessen 54.144 Bad Homburg
34%
Rheinland-Pfalz 51.695 Bad Kreuznach
33%
Sachsen-Anhalt 37.047 Bitterfeld-Wolfen
22%
Brandenburg 42.054 Bernau (b. Berlin)
20%
Baden-Württemberg 45.644 Bruchsal
18%
Niedersachsen 40.139 Buxtehude
18%
Bayern 22.619 Bad Kissingen
17%
Mecklenburg-Vorpommern 13.647 Bergen auf Rügen
17%
Sachsen-Anhalt 32.000 Bernburg (Saale)
17%
Hessen 40.629 Bensheim
15%
Schleswig-Holstein 24.841 Bad Oldesloe
14%
Rheinland-Pfalz 26.550 Bad Neuennahr-Ahrweiler
13%
Hessen 34.905 Bad Vilbel
13%
Schleswig-Holstein 17.529 Bad Segeberg
12%
Saarland 20.153 Blieskastel
11%
Sachsen 19.031 Borna
10%
Niedersachsen 40.164 Buchholz (Nordheide)
10%
Thüringen 22.976 Bad Salzungen
9%
Mecklenburg-Vorpommern 12.752 Bad Doberan
8%
Thüringen 17.157 Bad Langensalza
8%
Saarland 17.482 Bexbach
5%
Mecklenburg-Vorpommern 10.689 Boizenburg (Elbe)
3%
Saarland 14.923 Beckingen
2%
Brandenburg 28.761 Blankenfelde-Mahlow
2%
Sachsen 11.122 Bannewitz
0%
Thüringen 10.129 Bleicherode
0%
Keine übereinstimmenden Quizze gefunden
Verteilung der Resultate
Anzahl Personen mit jedem Resultat
Perzentil nach korrekt beantworteten Fragen
Ihre Resultats-Entwicklung
Sie haben dieses Quiz noch nicht gespielt